| 000 | 02081nam a2200373 i 4500 | ||
|---|---|---|---|
| 003 | OSt | ||
| 005 | 20240219110239.0 | ||
| 008 | 240219t20232022enk gr 000 1 eng d | ||
| 020 |
_a9780008538811 _cRM 48.00 _qpaperback |
||
| 040 |
_aPPAK _beng _cPPAK _erda |
||
| 082 | 0 | 4 |
_a823.914 _223 |
| 090 | 0 | 0 |
_a823.914 _bARC _dG |
| 100 | 1 |
_aArcher, Jeffrey, _d1940- _eauthor. |
|
| 245 | 1 | 0 |
_aNEXT IN LINE / _cJeffrey Archer. |
| 264 | 1 |
_aLondon : _bHarperCollinsPublishers, _c2023 |
|
| 264 | 4 | _c©2022 | |
| 300 |
_a378 pages ; _c18 cm |
||
| 336 |
_atext _2rdacontent |
||
| 337 |
_aunmediated _2rdamedia |
||
| 338 |
_avolume _2rdacarrier |
||
| 490 | 0 | _aDetective William Warwick. | |
| 500 | _a"Only 48 hours to catch a killer…"--Cover. | ||
| 520 | _aLondon, 1988. Royal fever sweeps the nation as Britain falls in love with the 'people's princess'. Which means for Scotland Yard, the focus is on the elite Royalty Protection Command, and its commanding officer. Entrusted with protecting the most famous family on earth, they quite simply have to be the best. A weak link could spell disaster. Detective Chief Inspector William Warwick and his Scotland Yard squad are sent in to investigate the team. Maverick ex-undercover operative Ross Hogan is charged with a very sensitive -- and unique -- responsibility. But it soon becomes clear the problems in Royalty Protection are just the beginning. A renegade organization has the security of the country -- and the Crown -- in its sights. The only question is which target is next in line... | ||
| 600 | 0 | 0 |
_aDiana, _cPrincess of Wales, _d1961-1997 _vFiction. |
| 600 | 1 | 0 |
_aWarwick, William, _c(Fictitious character) _vFiction. |
| 650 | 0 |
_aPrincesses _vFiction. |
|
| 650 | 0 |
_aPrivate security services _vFiction. |
|
| 651 | 0 |
_aLondon (England) _xSocial conditions _y20th century _vFiction. |
|
| 655 | 7 |
_aDetective and mystery fiction. _2lcgft |
|
| 655 | 7 |
_aHumorous fiction. _2lcgft |
|
| 655 | 7 |
_aDomestic fiction _2lcgft |
|
| 800 | 1 |
_aArcher, Jeffrey, _d1940- _tWilliam Warwick novels |
|
| 942 |
_2ddc _cB |
||
| 999 |
_c195105 _d195105 |
||